<?xml version="1.0" encoding="UTF-8"?>
<record
    xmlns:xsi="http://www.w3.org/2001/XMLSchema-instance"
    xsi:schemaLocation="http://www.loc.gov/MARC21/slim http://www.loc.gov/standards/marcxml/schema/MARC21slim.xsd"
    xmlns="http://www.loc.gov/MARC21/slim">

  <leader>00654nam a2200205Ia 4500</leader>
  <controlfield tag="001">3233</controlfield>
  <controlfield tag="003">GE_BSU</controlfield>
  <controlfield tag="008">181216s||||||||xx |||||||||||||| ||und||</controlfield>
  <datafield tag="040" ind1=" " ind2=" ">
    <subfield code="c">GE_BSU</subfield>
  </datafield>
  <datafield tag="080" ind1=" " ind2=" ">
    <subfield code="a">656.212(035)</subfield>
  </datafield>
  <datafield tag="100" ind1=" " ind2=" ">
    <subfield code="a">&#x41C;&#x430;&#x43B;&#x43E;&#x432;,&#x410;.&#x414;.  &#x41C;&#x438;&#x445;&#x430;&#x439;&#x43B;&#x43E;&#x432;,&#x41E;.&#x418;.  &#x428;&#x442;&#x435;&#x439;&#x43D;&#x444;&#x435;&#x440;,&#x413;.&#x41C;. &#x415;&#x444;&#x438;&#x43C;&#x43E;&#x432;,&#x413;.&#x41F;.</subfield>
  </datafield>
  <datafield tag="245" ind1=" " ind2=" ">
    <subfield code="a">&#x420;&#x430;&#x437;&#x43C;&#x435;&#x449;&#x435;&#x43D;&#x438;&#x435; &#x438; &#x43A;&#x440;&#x435;&#x43F;&#x43B;&#x435;&#x43D;&#x438;&#x435; &#x433;&#x440;&#x443;&#x437;&#x43E;&#x432; &#x432; &#x432;&#x430;&#x433;&#x43E;&#x43D;&#x430;&#x445;.</subfield>
  </datafield>
  <datafield tag="245" ind1=" " ind2=" ">
    <subfield code="b">&#x421;&#x43F;&#x440;&#x430;&#x432;&#x43E;&#x447;&#x43D;&#x438;&#x43A;.</subfield>
  </datafield>
  <datafield tag="260" ind1=" " ind2=" ">
    <subfield code="a">&#x41C;.</subfield>
  </datafield>
  <datafield tag="260" ind1=" " ind2=" ">
    <subfield code="b">&#x422;&#x440;&#x430;&#x43D;&#x441;&#x43F;&#x43E;&#x440;&#x442;.</subfield>
  </datafield>
  <datafield tag="260" ind1=" " ind2=" ">
    <subfield code="c">1970.</subfield>
  </datafield>
  <datafield tag="300" ind1=" " ind2=" ">
    <subfield code="a">344 &#x441;&#x442;&#x440;. 21 &#x441;&#x43C;.</subfield>
  </datafield>
  <datafield tag="653" ind1=" " ind2=" ">
    <subfield code="a">&#x420;&#x430;&#x437;&#x43C;&#x435;&#x449;&#x435;&#x43D;&#x438;&#x435; &#x438; &#x43A;&#x440;&#x435;&#x43F;&#x43B;&#x435;&#x43D;&#x438;&#x435; &#x433;&#x440;&#x443;&#x437;&#x43E;&#x432; &#x432; &#x432;&#x430;&#x433;&#x43E;&#x43D;&#x430;&#x445;.</subfield>
  </datafield>
  <datafield tag="942" ind1=" " ind2=" ">
    <subfield code="c">BK</subfield>
  </datafield>
  <datafield tag="999" ind1=" " ind2=" ">
    <subfield code="c">37274</subfield>
    <subfield code="d">37274</subfield>
  </datafield>
  <datafield tag="952" ind1=" " ind2=" ">
    <subfield code="0">0</subfield>
    <subfield code="1">0</subfield>
    <subfield code="4">0</subfield>
    <subfield code="7">0</subfield>
    <subfield code="9">37162</subfield>
    <subfield code="d">2018-12-17</subfield>
    <subfield code="p">9820</subfield>
    <subfield code="r">2018-12-17</subfield>
    <subfield code="w">2018-12-17</subfield>
    <subfield code="y">BK</subfield>
    <subfield code="z">&#x10D3;&#x10D0;&#x10E0;&#x10D1;&#x10D0;&#x10D6;&#x10D8;</subfield>
  </datafield>
</record>
